000 01129nam a2200361Ia 4500
003 OSt
005 20220912151246.0
006 a|||||r|||| 00| 0
007 ta
008 220909b |||||||| |||| 00| 0 eng d
020 _a0854048308 (hbd)
024 _a8053
037 _bApple,
037 _cTextual
040 _aCSL
_beng
_cCSL
041 _aeng
082 _aG:5(U3), P0
100 _aWrigley Stephen K Ed
245 0 _aBiodiversity: new leads for the pharmaceutical and agrochemical industries
260 _aCambridge
_bTheRoyal Society of Chemistry
_c2000
300 _avi,313p
490 _aRSC special publication; 257
500 _aIncludes bibliographical references; Index 295-313p
650 _a Biodiversity
650 _a Ecology
650 _aBiology
700 _a Chrystal Ewan J T Ed
700 _a Hayes Martin A Ed
700 _a Nicholson Neville Ed
700 _a Thomas Robert Ed
942 _hG:5(U3), P0
_cTEXL
_2CC
999 _c64619
_d64619